000 00468nam a2200145 a 4500
001 000045036
005 20201002045825.0
008 150129s19uu dr 000 0 spa d
040 _aDO-SdBNP
_bspa
_cBNPHU
100 1 _aRodríguez, Antonio S.
_921620
245 1 0 _aGuía práctica :
_bde conciliaciones de cuentas corrientes computarizadas /
_cAntonio S. Rodríguez.
260 _aSanto Domingo :
_b[s.d.],
_c[s.f.].
300 _a8 p. ;
_c21 cm.
500 _aContabilidad
999 _c44525
_d44525